000 00865 a2200241 4500
008 130821s2007 sp a gr spa
020 _a9789707773851 (México)
020 _a9789707773851 (España)
040 _aCO-BoUCM
_bspa
_cJavier Garzón
_dDiana Londoño
041 0 0 _aspa
100 1 _aRueda, Claudia
_939147
_d1965-
245 1 3 _aLa vida salvaje diario de una aventura
_cClaudia Rueda
260 _aBarcelona (España)
_bOcéano
_c2007
300 _a[16 hojas]
_bilustraciones
490 0 _aOcéano travesía
650 7 _912285
_aCuentos infantiles colombianos
650 7 _918516
_aLibros ilustrados para niños
650 7 _918524
_aLibros y lectura para niños
650 7 _918680
_aLiteratura infantil
690 _aLiteratura infantil
942 _cLIBRO
_a18
_e1
_kC
_mR918v
_2DEWEY
_h863.44
_n0
999 _c167281
_d167281